000 00537nam a2200181Ia 4500
005 20250508155520.0
008 008 250505s9999 xx 000 0 eng d
037 _aTextual
040 _aFEDL
_beng
_cFEDL
041 _aeng
_2eng
084 _a901.9, MUM
_qFEDL
100 _aMumford Lewis
245 0 _aCity in history its origins, its transofrmations, and its prospects
260 _aNew York, USA
_bHarcourt, Brace and World
_c1961
300 _axi,657p.
942 _cTEXL
_h901.9, MUM
999 _c1357369
_d1357369